Statystyki dla Wyspy Galapagos

Kliknij tutaj aby rozwiązać quiz!

Ogólne statystyki

  • Ten quiz został rozwiązany 8 razy
  • Średni wynik to 5 z 14

Odpowiedzi na mapie

Odpowiedzi skodowane kolorowo w zielono-czerwonej skali na mapie do tego quizu, zgodnie z poniższymi procentami.
 

Statystyki odpowiedzi

km2Wyspa% Poprawnych
4640Isabela
80%
986Santa Cruz
60%
642Fernandina
40%
558San Cristóbal
40%
24Santa Fe
40%
585Santiago
40%
21Baltra
20%
60Española
20%
173Floreana
20%
14Genovesa
20%
130Marchena
20%
60Pinta
20%
18Pinzón
20%
4.9Rábida
20%

Rozkład punktacji

Percentyl według liczby udzielonych odpowiedzi

Procent ludzi z każdym wynikiem

Twoja historia wyników

Nie rozwiązałeś tego quizu